<?xml version="1.0" encoding="UTF-8"?>
<record
    xmlns:xsi="http://www.w3.org/2001/XMLSchema-instance"
    xsi:schemaLocation="http://www.loc.gov/MARC21/slim http://www.loc.gov/standards/marcxml/schema/MARC21slim.xsd"
    xmlns="http://www.loc.gov/MARC21/slim">

  <leader>00460nam a22001457a 4500</leader>
  <controlfield tag="005">20170607083643.0</controlfield>
  <controlfield tag="008">170607b        xxu||||| |||| 00| 0 eng d</controlfield>
  <datafield tag="040" ind1=" " ind2=" ">
    <subfield code="c">PK-LaUMT</subfield>
  </datafield>
  <datafield tag="082" ind1=" " ind2=" ">
    <subfield code="a">279.4</subfield>
    <subfield code="b">FAR-M</subfield>
  </datafield>
  <datafield tag="100" ind1=" " ind2=" ">
    <subfield code="a">Farid Al-Din Attar , Hazrat</subfield>
  </datafield>
  <datafield tag="245" ind1=" " ind2=" ">
    <subfield code="a">Muslim Saints and mystics = &#x62A;&#x632;&#x6A9;&#x631;&#x6C3; &#x627;&#x644;&#x627;&#x648;&#x644;&#x6CC;&#x627;&#x621;</subfield>
    <subfield code="c">Hazrat Farid Al-Din Attar = &#x62D;&#x636;&#x631;&#x62A; &#x641;&#x631;&#x6CC;&#x62F; &#x627;&#x644;&#x62F;&#x6CC;&#x646; &#x639;&#x637;&#x627;&#x631;</subfield>
  </datafield>
  <datafield tag="260" ind1=" " ind2=" ">
    <subfield code="a">Jhelum:</subfield>
    <subfield code="b">Book corner,</subfield>
    <subfield code="c">2009</subfield>
  </datafield>
  <datafield tag="300" ind1=" " ind2=" ">
    <subfield code="a">392 p.</subfield>
  </datafield>
  <datafield tag="942" ind1=" " ind2=" ">
    <subfield code="c">BK</subfield>
  </datafield>
  <datafield tag="999" ind1=" " ind2=" ">
    <subfield code="c">94442</subfield>
    <subfield code="d">94442</subfield>
  </datafield>
  <datafield tag="952" ind1=" " ind2=" ">
    <subfield code="0">0</subfield>
    <subfield code="1">0</subfield>
    <subfield code="4">0</subfield>
    <subfield code="7">0</subfield>
    <subfield code="a">01</subfield>
    <subfield code="b">01</subfield>
    <subfield code="d">2017-06-07</subfield>
    <subfield code="l">2</subfield>
    <subfield code="o">279.4 FAR-M</subfield>
    <subfield code="p">109906</subfield>
    <subfield code="r">2017-10-24 00:00:00</subfield>
    <subfield code="s">2017-10-17</subfield>
    <subfield code="w">2017-06-07</subfield>
    <subfield code="y">BK</subfield>
  </datafield>
</record>
